000 00455 a2200157 4500
020 _a9780123744388
082 _a621.395
090 _c7293
_d7293
100 _aHassan, Hassan
245 _aLow-power design of nanometer FPGAs architecture and EDA
_cHassan Hassan
260 _aNew York
_bMK Publisher
_c2010
300 _a241 p.
650 _aLow voltage integrated circuits--Computer-aided design
700 _aHassan Hassan
942 _cBK
_k621.395 HAS
999 _c11096
_d11096